000
00350nam a2200145Ia 4500
008
240624s9999 xx 000 0 und d
041
_a
eng
082
_a
658.5 HIL
100
_a
HILL TERRY
245
_a
OPERATIONS MANAGEMENT
250
_a
(2nd ed.)
260
_c
2007
_a
New York
_b
Palgrave
300
_a
xxxiii, : 764 : p. : cm. ; 23
365
_c
BPS
999
_c
6229
_d
6229